Physical properties of molecular crystals, liquids, and glasses (Record no. 2389)
[ view plain ]
| 000 -LEADER | |
|---|---|
| fixed length control field | 00421cam a22001331 4500 |
| 050 00 - LIBRARY OF CONGRESS CALL NUMBER | |
| Classification Number | QD476 |
| Item Number | .B62 |
| 100 1# - MAIN ENTRY--Author | |
| Personal name | Bondi, Arnold Aaron, |
| Dates associated with a name | 1916- |
| 245 10 - TITLE | |
| Title | Physical properties of molecular crystals, liquids, and glasses |
| Statement of responsibility, etc | [by] A. Bondi. |
| 260 ## - PUBLICATION, DISTRIBUTION, ETC.(IMPRINT) | |
| Place of publication, distribution, etc | New York, |
| Name of publisher, distributor, etc | Wiley |
| Date of publication, distribution, etc | [1968] |
| 300 ## - PHYSICAL DESCRIPTION | |
| Extent | xix, 502 p. |
| 500 ## - GENERALNOTE | |
| General note | Includes Index |
| 650 #0 - SUBJECT--TOPIC | |
| Topical term following geographic name as entry element | Physical properties of molecular crystals, liquids, and glasses |
| 942 ## - ADDED ENTRY ELEMENTS(KOHA) | |
| Koha item type | General circulation |
| Source of classification or shelving scheme | Not for loan | Location (home branch) | Sublocation (holding branch) | Date accessioned | Cost, normal purchase price | Full call number | Barcode | Cost, replacement price | Nonpublic note | Koha item type | Public note |
|---|---|---|---|---|---|---|---|---|---|---|---|
| Library of Congress Classification | Main Campus Library | Main Campus Library | 29/08/2014 | 4260.39 | QD476 .B62 | 2019/021993 | 4760.00 | BONNIE | General circulation | BONNIE |